| 000 | 00496nam a2200169Ia 4500 | ||
|---|---|---|---|
| 999 |
_c22493 _d22493 |
||
| 003 | OSt | ||
| 005 | 20200215134016.0 | ||
| 008 | 190216s9999||||xx |||||||||||||| ||und|| | ||
| 040 | _coclc | ||
| 082 |
_a297 _bALI/P |
||
| 100 |
_aAli, Kootil Muhammed _92040 |
||
| 245 | 0 |
_aPrakasham Parathunna Prasthanam / _cKootil Muhammed Ali |
|
| 250 | _a4th ed. | ||
| 260 |
_bIslamic Publishing House, _c2001. _aKozhikode: |
||
| 300 | _a70p | ||
| 942 |
_cBK _2ddc _h297 _iALI/P _k297 _mALI/P |
||